00839 2200301 4500001002100000005001500021035002000036007000300056008004100059020002200100040001200122082001500134084001700149090002100166090002200187100002400209245004800233250002500281260004300306300005000349650001700399850001200416041000800428504003500436999002200471990002200493990002200515INLIS00000000003586320191218091601 a0010-0618000259ta180621s2017 yoia g ind d a978-602-1107-09-6 aYOPDYOG04223a363.34 a363.34 GIR t aDEP 363.34 GIR t aCB-D.11 2017-26700 aGiri Wiarto,d1990-0 aTanggap darurat bencana alam /cGiri Wiarto aCetakan pertama 20173 aYogyakarta :bGosyen Publishing,c2017 axii, 196 halaman :bilustrasi, tabel ;c20 cm 4aBencana alam aYOPDYOG0 aind aBibliografi: halaman [195]-196 aCB-D.11/2017-2670 aCB-D.11/2017-2670 aCB-D.11/2017-2670